000 01496nam a2200301 4500
003 CO-CtgCURN
005 20250329165441.0
008 160531s2000 000 0 eng d
040 _aCO-CtgCURN
_bspa
_ccoctgcurn
082 0 _aINQ 2000
_bT693
100 1 _aTorres Olave, Ruth.
245 1 0 _aProtocolo sobre tecnicas de instrumentacion para estudiantes de III semestre de la Corporación Universitaria Rafael Nuñez /
_cRuth Torres Olave ; asesores, Elsa Grisolles, Eusebio Vargas.
260 _aCartagena de Indias :
_bCorporación Universitaria Rafael Nuñez,
_c2000.
300 _a193 h.
336 _2rdacontent
337 _2rdamedia
_asin mediacion
_bn
338 _2rdacarrier
_avolumen
_bnc
502 _aTrabajo de grado (Instrumentador Quirurgico). Corporación Universitaria Rafael Nuñez. Facultad de Ciencias de la Salud. Programa de Instrumentación Quirúrgica, 2000.
504 _aIncluye bibliografia.
590 _aInstrumentación Quirúrgica
650 0 _aInstrumentación Quirúrgica
_vTesis y disertaciones academicas.
700 1 _aGrisolles, Elsa,
_easesor.
700 1 _aVargas, Eusebio,
_easesor.
856 7 _uhttps://unicurn.sharepoint.com/:b:/s/biblioteca/ETznMXXUoE5Jv3D5GQao8EYBeGHP8xGmzoTT28SKEbYYXg?e=BI8kPP
_zClick aqui para ver el recurso en texto completo
942 _hINQ 2000
_iT693
_2ddc
_cTG
999 _c4400
_d4400